000 00690nam a2200193 a 4500
001 000042099
005 20201002035934.0
008 131114s19-- mx a 000 0 spa d
040 _aDO-SdBNP
_bspa
_cBNPHU
082 _axxxxx
_bxxxxx
100 1 _aBlasco Ibañez, Vicente
_969095
240 1 0 _aAlf laila wa-laila
245 1 4 _aLas mil noches y una noche /
_cVicente Blasco Ibañez ; traducción J. C. Mardrus ; ilustración Jorge Carreras.
260 _aMéxico :
_bAhrmex,
_c19--?
300 _a1686 p. :
_bil. ;
_c18 cm.
500 _aIncluye notas y referencias bibliográficas al pie de las páginas
700 1 _aMardrus, J. C.,
_etr.
_966650
700 1 _aCarreras, Jorge,
_eil.
_969096
999 _c41588
_d41588